01165nam a2200265Ia 4500001000600000003000900006008004100015040001300056040001300069041001300082100001600095100002900111245006800140245003000208250001100238260000900249260000800258260004900266300005700315500042700372650001900799650003100818700002100849700002900870C9255IT-RoPAU130308s9999 xx 000 0 und d aIT-RoPAU cIT-RoPAU aITALIANO aPollo Mario gCodice Aut. SPICS: 42859 aRuolo delle dinamiche assembleari nelle celebrazioni liturgiche bGiovani Liturgia e Musica a1a ed. aROMA bLas c1994 [1° Ed.:1994 - Ed.Ling.Originale:1994] a"15 p. (prefazione: no ; testo: 15 [pagine: 59-73])" aTra Comunità e Assemblea. caratteristiche della folla di Nome Assemblea. caratteristiche della Comunità. Animazione dell'Assemblea. Interventi per Costruire e Consolidare la Comunità che Celebra. Condizioni per L'Appartenenza Ecclesiale. Funzione Critica dell'evento Celebrato. collocazione Fisica. ridare Spessore Ai Simboli. Comunicazione Capace di creare Ospitalità. Aiutare la Comunità a Diventare Autentica. aSAGGI MUSICALI eCodice materia Spics: 7011 aTonelli Riccardo gCodice Aut. SPICS: 22233